000 00487nam a2200193Ia 4500
005 20240823052541.0
008 240823s9999||||xx |||||||||||||| ||und||
020 _a978-81-8209-223-5
041 _aENGLISH
082 _A543.5 P5
100 _aSubburaj Ramasamy
245 0 _aCalibration Principles
250 _a1st
260 _c2009
_bMcGraw - Hill Higher Educ
_aNew York
500 _aTRANSFERED
650 _aCalibration Principles
_bGeneral
942 _cBK
999 _c222135
_d222135